00848cam a2200241 a 450000100100000000500170001000800410002704000300006804100440009808200230014210000350016524000220020024500870022225000110030926000560032030000210037649000480039753400300044565000200047565000240049570000370051983000500055600000475220200929151509.0760818s1974 ag 000 f spa c aDO-SdBNPbspacDLCdBNPHU17aspahfrancés2código de idioma Marc a843.9bM454m, 19741 aMauriac, Francois,d1885-1970.10aLe mallEspañol13aEl mal :bnovela /cFrancois Mauriac ; traducción de Elvira Riera de Camerlingo. a2a ed. aBuenos Aires, Argentina :bEditorial Losada,c1974. a126 p. ;c19 cm.1 aBiblioteca clásica y contemporáneav409 aTítulo originaltLe mal 4aNovela francesa 4aLiteratura francesa1 aRiera de Camerlingo, Elviraetr. 0aBiblioteca clásica y contemporánea ;v409